| 000 | 00691nas a2200241 i 4500 | ||
|---|---|---|---|
| 001 | 2145 | ||
| 003 | ES-MaACL | ||
| 005 | 20250217134530.0 | ||
| 007 | t| | ||
| 008 | 950801d19201922fr | | 1 ||re d | ||
| 080 | _a44 | ||
| 245 | 0 | 3 |
_aLa Revue de la semaine illustrée / _cdir. Fernand Laudet, Jacques Boulenger. |
| 260 |
_aParis : _bImp. Dubois et Bauer, _c1920-1922. |
||
| 300 |
_a4 v. ; _c19 cm. |
||
| 310 | _aSemanal | ||
| 362 | 0 | _aAño I (1920)-(1922) | |
| 650 | 1 | 4 |
_aRevistas de información general. _916896 |
| 700 | 1 |
_aLaudet, Fernand. _970586 |
|
| 700 | 1 |
_aBoulenger, Jacques, _edir. _930912 |
|
| 852 |
_aES-MaACL _jHem-271 |
||
| 866 | 0 | _o(1922). | |
| 999 |
_c2145 _d2145 |
||